Urban and regional planning / (Record no. 531449)

000 -LEADER
fixed length control field 01535cam a2200409 a 4500
001 - CONTROL NUMBER
control field 12782977
003 - CONTROL NUMBER IDENTIFIER
control field NUST
005 - DATE AND TIME OF LATEST TRANSACTION
control field 20191016135317.0
008 - FIXED-LENGTH DATA ELEMENTS--GENERAL INFORMATION
fixed length control field 020521s2002 enkab b 001 0 eng
010 ## - LIBRARY OF CONGRESS CONTROL NUMBER
LC control number 2002069951
015 ## - NATIONAL BIBLIOGRAPHY NUMBER
National bibliography number GBA2-71642
020 ## - INTERNATIONAL STANDARD BOOK NUMBER
International Standard Book Number 0415217768
020 ## - INTERNATIONAL STANDARD BOOK NUMBER
International Standard Book Number 0415217776 (pbk.)
035 ## - SYSTEM CONTROL NUMBER
System control number (OCoLC)ocm49874921
038 ## - RECORD CONTENT LICENSOR
Staff Name MSOHAIL
040 ## - CATALOGING SOURCE
Original cataloging agency DLC
Transcribing agency DLC
Modifying agency C#P
-- UKM
-- BAKER
-- NLGGC
-- DLC
043 ## - GEOGRAPHIC AREA CODE
Geographic area code e-uk---
050 00 - LIBRARY OF CONGRESS CALL NUMBER
Classification number HT166 G7
Item number H34 2002
082 00 - DEWEY DECIMAL CLASSIFICATION NUMBER
Classification number 307.12
Edition number 21
084 ## - OTHER CLASSIFICATION NUMBER
Classification number 74.72
Number source bcl
100 1# - MAIN ENTRY--PERSONAL NAME
Personal name Hall, Peter,
Dates associated with a name 1932-2014.
9 (RLIN) 24142
245 10 - TITLE STATEMENT
Title Urban and regional planning /
Statement of responsibility, etc. Peter Hall.
250 ## - EDITION STATEMENT
Edition statement 4th ed.
260 ## - PUBLICATION, DISTRIBUTION, ETC.
Place of publication, distribution, etc. London ;
-- New York :
Name of publisher, distributor, etc. Routledge,
Date of publication, distribution, etc. 2002.
300 ## - PHYSICAL DESCRIPTION
Extent 237 p. :
Other physical details ill., maps ;
Dimensions 25 cm.
504 ## - BIBLIOGRAPHY, ETC. NOTE
Bibliography, etc. note Includes bibliographical references and index.
650 #0 - SUBJECT ADDED ENTRY--TOPICAL TERM
Topical term or geographic name entry element City planning.
9 (RLIN) 808
650 #0 - SUBJECT ADDED ENTRY--TOPICAL TERM
Topical term or geographic name entry element Regional planning.
9 (RLIN) 23371
650 #0 - SUBJECT ADDED ENTRY--TOPICAL TERM
Topical term or geographic name entry element City planning
Geographic subdivision Great Britain.
9 (RLIN) 23611
650 #0 - SUBJECT ADDED ENTRY--TOPICAL TERM
Topical term or geographic name entry element Regional planning
Geographic subdivision Great Britain.
9 (RLIN) 23612
856 41 - ELECTRONIC LOCATION AND ACCESS
Materials specified Table of contents only
Uniform Resource Identifier <a href="http://www.loc.gov/catdir/toc/fy0613/2002069951.html">http://www.loc.gov/catdir/toc/fy0613/2002069951.html</a>
856 42 - ELECTRONIC LOCATION AND ACCESS
Materials specified Publisher description
Uniform Resource Identifier <a href="http://www.loc.gov/catdir/enhancements/fy0668/2002069951-d.html">http://www.loc.gov/catdir/enhancements/fy0668/2002069951-d.html</a>
856 42 - ELECTRONIC LOCATION AND ACCESS
Materials specified Contributor biographical information
Uniform Resource Identifier <a href="http://www.loc.gov/catdir/enhancements/fy1008/2002069951-b.html">http://www.loc.gov/catdir/enhancements/fy1008/2002069951-b.html</a>
906 ## - LOCAL DATA ELEMENT F, LDF (RLIN)
a 7
b cbc
c orignew
d 1
e ocip
f 20
g y-gencatlg
942 ## - ADDED ENTRY ELEMENTS (KOHA)
Source of classification or shelving scheme
Koha item type Book
Holdings
Withdrawn status Lost status Source of classification or shelving scheme Damaged status Not for loan Permanent Location Current Location Date acquired Total Checkouts Total Renewals Full call number Barcode Date last seen Date last checked out Price effective from Koha item type
          School of Civil and Environmental Engineering (SCEE) School of Civil and Environmental Engineering (SCEE) 10/16/2019 1 1 307.12 NIT-11436 04/10/2023 03/13/2023 10/16/2019 Book
© 2023 Central Library, National University of Sciences and Technology. All Rights Reserved.